Outlines of The Constitutional of The United States of America / (Record no. 587168)
[ view plain ]
| 000 -LEADER | |
|---|---|
| fixed length control field | 00393nam a22001337a 4500 |
| 082 ## - DEWEY DECIMAL CLASSIFICATION NUMBER | |
| Classification number | 342.7302 |
| 100 ## - MAIN ENTRY--PERSONAL NAME | |
| Personal name | Malik, M.A. |
| 245 ## - TITLE STATEMENT | |
| Title | Outlines of The Constitutional of The United States of America / |
| Statement of responsibility, etc. | M.A. Malik |
| 260 ## - PUBLICATION, DISTRIBUTION, ETC. | |
| Place of publication, distribution, etc. | Lahore : |
| Name of publisher, distributor, etc. | P.L.D. Publishers, |
| Date of publication, distribution, etc. | 2019. |
| 300 ## - PHYSICAL DESCRIPTION | |
| Extent | 206 p. ; |
| Dimensions | 24 cm. |
| 942 ## - ADDED ENTRY ELEMENTS (KOHA) | |
| Source of classification or shelving scheme | |
| Koha item type | Book |
| Withdrawn status | Lost status | Source of classification or shelving scheme | Damaged status | Not for loan | Permanent Location | Current Location | Shelving location | Date acquired | Source of acquisition | Total Checkouts | Total Renewals | Full call number | Barcode | Checked out | Date last seen | Date last checked out | Price effective from | Koha item type |
|---|---|---|---|---|---|---|---|---|---|---|---|---|---|---|---|---|---|---|
| NUST Law School (NLS) | NUST Law School (NLS) | Law | 12/07/2021 | Federal Law House | 2 | 1 | 342.7302 MAL | CL-729 | 02/27/2026 | 01/28/2026 | 01/28/2026 | 12/07/2021 | Book |
